00417nam a2200169Ia 4500003000400000005001700004008004100021020001400062050002300076100001700099245004200116260003500158300003300193440000600226521000700232526000800239OSt20140313091707.0140130s9999 xx 000 0 und d a059047085 aPZ 7b.W846Li 1993 aWood, Audrey aLittle penguins tale /cAudrey Wood.  bScholastic,c1993.aNew York : a30 p. :bcol. ill. ;c21 cm. v1 aG3 c500